Moderné manažérske metódy, techniky a nástroje vo svete

Stav riešenej problematiky v domácej a zahraničnej literatúre. Výskumy výkonnosti podnikov uskutočnené v Českej republike. Desať nástrojov pre meranie výkonnosti podľa českých autorov Matýsku a Šišku. Techniky riadenia. Kvantitatívne metódy v manažérskom rozhodovaní. Výskum spoločnosti Bain & Compan...

Descrizione completa

Salvato in:
Dettagli Bibliografici
Autore principale: Čambalíková, Andrea, 1990-
Altri autori: Szabo, Ľuboslav
Natura: Capitolo di libro
Lingua:slovacco
Soggetti:
Tags: Aggiungi Tag
Nessun Tag, puoi essere il primo ad aggiungerne!!

MARC

LEADER 00000naa$a2200000$$$4500
001 0260782
005 20240502074132.6
041 0 |a slo 
044 |a SK 
245 1 0 |a Moderné manažérske metódy, techniky a nástroje vo svete  |c Andrea Čambalíková, Ľuboslav Szabo 
520 |a Stav riešenej problematiky v domácej a zahraničnej literatúre. Výskumy výkonnosti podnikov uskutočnené v Českej republike. Desať nástrojov pre meranie výkonnosti podľa českých autorov Matýsku a Šišku. Techniky riadenia. Kvantitatívne metódy v manažérskom rozhodovaní. Výskum spoločnosti Bain & Company zameraný na manažérske nástroje využívané v riadení. 
610 2 0 |a riadenie podnikové 
610 2 0 |a metódy riadenia 
610 2 0 |a metódy kvantitatívne 
610 2 0 |a nástroje riadenia 
610 2 0 |a technika riadenia 
610 2 0 |a výkonnosť podniku 
610 2 0 |a výskum 
100 1 |a Čambalíková, Andrea, 1990- 
700 1 |a Szabo, Ľuboslav